[Event "Andalucia-ch U14"]
[Site "Huelva"]
[Date "2014.04.26"]
[Round "5.2"]
[White "Munoz Pelaez, Manuel"]
[Black "Leal Romero, Antonio Jose"]
[Result "1-0"]
[WhiteElo "1876"]
[BlackElo "1690"]
[PlyCount "42"]
[EventDate "2014.04.25"]
[EventType "swiss"]
[EventRounds "9"]
[EventCountry "ESP"]
[SourceTitle "EXT 2024"]
[Source "ChessBase"]
[SourceDate "2023.10.10"]
[SourceVersion "1"]
[SourceVersionDate "2023.10.10"]
[SourceQuality "1"]

1. e4 e5 2. Nf3 Nc6 3. d4 exd4 4. Nxd4 Bc5 5. Nb3 Bb6 6. Nc3 Nf6 7. Bg5 d6 8. Qd2 h6 9. Be3 Be6 10. 0-0-0 Qd7 11. f4 Bxb3 12. axb3 0-0-0 13. Bxb6 axb6 14. g3 Rhe8 15. Bg2 Qg4 16. Rhf1 Qh5 17. Rde1 Qxh2 18. Rh1 Qxg3 19. Reg1 Qg6 20. Bh3+ Kb8 21. Rxg6 fxg6 1-0

[Event "ESP-ch U12"]
[Site "Salobrena"]
[Date "2012.07.05"]
[Round "6.19"]
[White "Ros Alonso, Jaume"]
[Black "Leal Romero, Antonio Jose"]
[Result "1-0"]
[WhiteElo "1713"]
[BlackElo "1537"]
[PlyCount "161"]
[EventDate "2012.07.02"]
[EventType "swiss"]
[EventRounds "9"]
[EventCountry "ESP"]
[SourceTitle "EXT 2024"]
[Source "ChessBase"]
[SourceDate "2023.10.10"]
[SourceVersion "1"]
[SourceVersionDate "2023.10.10"]
[SourceQuality "1"]

1. e4 e5 2. Nf3 Nc6 3. d4 exd4 4. Nxd4 Bc5 5. Nb3 Bb6 6. Nc3 d6 7. Qe2 Be6 8. Be3 Qd7 9. 0-0-0 Nf6 10. f3 0-0-0 11. Bxb6 axb6 12. Nd4 d5 13. exd5 Nxd5 14. Nxd5 Bxd5 15. Nxc6 Qxc6 16. Qb5 Qh6+ 17. Rd2 Qxd2+ 18. Kxd2 Bc4+ 19. Kc1 Bxb5 20. Bxb5 c6 21. Bd3 Rhe8 22. Rd1 Kc7 23. b3 Re3 24. Kd2 Re7 25. Kc1 g6 26. g4 Re3 27. Rf1 Re5 28. Rg1 b5 29. a3 Ra8 30. Kb2 Ree8 31. h4 h6 32. Rf1 Rf8 33. Rg1 Rae8 34. Kc1 Kb6 35. Kb2 Re3 36. Rg3 Re1 37. Rh3 Rfe8 38. Be4 c5 39. h5 g5 40. Rh2 Rd8 41. Bd3 Rd4 42. Rf2 Ka5 43. Kc3 b6 44. Kb2 Re7 45. Rf1 Red7 46. Re1 Rf4 47. Re8 Ka6 48. Ra8+ Kb7 49. Rh8 Rd6 50. Rh7 c4 51. bxc4 bxc4 52. Be4+ Kc7 53. Kc3 b5 54. Kb4 Kb6 55. Rh8 Rxe4 56. fxe4 Re6 57. e5 Kc6 58. Rh7 f6 59. Rxh6 Kd7 60. exf6 Re4 61. f7 Ke7 62. Rg6 Rxg4 63. Rg7 Kf8 64. h6 Rh4 65. Rxg5 Rxh6 66. Rf5 Rh2 67. c3 Rb2+ 68. Ka5 Rb3 69. Rf3 Rxa3+ 70. Kxb5 Ra7 71. Kxc4 Rc7+ 72. Kd5 Re7 73. c4 Rc7 74. c5 Rd7+ 75. Kc6 Rd1 76. Kc7 Rc1 77. c6 Rc2 78. Rf6 Ra2 79. Kb7 Rb2+ 80. Kc8 Rc2 81. c7 1-0

[Event "Andalucia-ch U12"]
[Site "Islantilla"]
[Date "2012.04.13"]
[Round "2"]
[White "Leal Romero, Antonio Jose"]
[Black "Duran Juarez, Laura Maria"]
[Result "1-0"]
[WhiteElo "1514"]
[BlackElo "1265"]
[PlyCount "33"]
[EventDate "2012.04.13"]
[EventType "swiss"]
[EventRounds "9"]
[EventCountry "ESP"]
[SourceTitle "CBM 148 Extra"]
[Source "ChessBase"]
[SourceDate "2012.06.22"]
[SourceVersion "1"]
[SourceVersionDate "2012.06.22"]
[SourceQuality "1"]

1. e4 e5 2. Nf3 Nc6 3. Bc4 Nf6 4. d3 Bc5 5. Bg5 h6 6. Bh4 d6 7. Nc3 Be6 8. Bb3 0-0 9. Qd2 Ne7 10. Bxf6 gxf6 11. Qxh6 Ng6 12. Bxe6 Qe7 13. Qxg6+ Kh8 14. Qh6+ Kg8 15. Bf5 Rfd8 16. Qh7+ Kf8 17. Qh8# 1-0